00625nam a2200169 a 450000100100000000500170001000800410002702000150006804000250008308200140010824000540012224501260017626000550030230000300035770000380038770000300042500003624120200930075629.0120111s1972 mx a 000 0 spa d a9682500923 aDO-SdBNPbspacBNPHU axxxxbE5610aHospital research and educational trustlInglés00aEnfermera auxiliar :bserie para auxiliares hospitalarios /ctraducción Amalia Vistrain de Morales, Vicente Agut Armer. aMéxico :bNueva Editorial Interamericana,c1972. a[350 p.] :bil. ;c27 cm.12aVistrain de Morales, Amalia,etr.12aAgut Armer, Vicente,etr.